00301nam a2200121Ia 4500008004100000082001900041100001600060245004800076250000800124260002300132300000800155650001600163191201s2005 xx 000 0 und d a621.38411bJOE aJORDAN, E C 0aElectromagnetic Waves and Radiating Systems a7th aN.DelhibPHIc2005 a753 aB.Tech(ECE)